00398cam a22001217a 4500008004000000020001500040082001800055100001800073245010000091260004000191300001000231650003500241180718b2001 xxu||||| |||| 00| 0 eng d a0195651847 aB1243x54 J216 aJalal, Ayesha aSelf and sovereignty: individual and community in South Asian Islam since 1850cby Ayesha Jalal aNew DelhibOxford Univ. Pressc2001 a630p. aMuslims - South Asia - History